Diseño del sistema de abastecimiento de agua potable para la comunidad Las Quebradas, municipio de la Trinidad, departamento de Estelí
Este trabajo consiste en un sistema de abastecimiento de agua potable para la comunidad Las Quebradas, municipio de La Trinidad, departamento de Estelí. ,ppra un periodo de 20 años (2020-2040). El abastecimiento actual de la comunidad, consiste en el uso de agua de un pozo perforado que tiene bomb...
| Main Authors: | , , |
|---|---|
| Other Authors: | |
| Format: | Tesis Section = Libro |
| Language: | Undetermined Spanish |
| Published: |
Managua
UNI/RUACS
2020
|
| Subjects: |
| LEADER | 01394nam a2200289Ia 4500 | ||
|---|---|---|---|
| 008 | 240830s9999 xx 000 0 und d | ||
| 040 | |a BIBLIOTECA-RUPAP Mon 628.72 Z95 | ||
| 041 | |a spa | ||
| 082 | |a Mon 628.72 Z95 | ||
| 100 | 1 | |a Zúniga García, Erick Isaac | |
| 100 | 1 | |b Aguilera Albir, Mery José | |
| 100 | 1 | |c Barre López, Robert André | |
| 245 | 1 | 0 | |a Diseño del sistema de abastecimiento de agua potable para la comunidad Las Quebradas, municipio de la Trinidad, departamento de Estelí |
| 260 | |a Managua |b UNI/RUACS |c 2020 | ||
| 300 | |a 94 p. :il. | ||
| 500 | |a ontiene: anexos y CD. | ||
| 502 | |a Tesis (Ingeniero Civil)- UNI, 2020. | ||
| 520 | 3 | |a Este trabajo consiste en un sistema de abastecimiento de agua potable para la comunidad Las Quebradas, municipio de La Trinidad, departamento de Estelí. ,ppra un periodo de 20 años (2020-2040). El abastecimiento actual de la comunidad, consiste en el uso de agua de un pozo perforado que tiene bomba de mecate, y pozos artesanales ubicados en diferentes sitios de la comunidad; de los cuales se desconoce la calidad del agua. | |
| 650 | 7 | |a AGUA POTABLE | |
| 650 | 7 | |b AGUA-ABASTECIMIENTO | |
| 650 | 7 | |c CALIDAD DEL AGUA-NORMAS | |
| 650 | 7 | |d DISEÑO HIDRAULICO | |
| 650 | 7 | |e TUBERIAS-DISEÑO Y CONSTRUCCION | |
| 700 | 1 | |a Tutor: |b Pérez Blandón, Keyling Ninoska | |
| 942 | |c BK |2 ddc | ||
| 991 | |a TESIS | ||
| 999 | |c 16600 | ||